000 00492nam a2200181Ia 4500
005 20250508161412.0
008 008 250505s9999 xx 000 0 hin d
037 _aReference
040 _aFEDL
_beng
_cFEDL
041 _ahin
_2hin
084 _a370.1, ADA
_qFEDL
100 _aAdawal Subodh
_9769670
245 0 _aBhartiya shiksha siddhant
260 _aDelhi, India
_bAtma Ram and Sons
_c1955
300 _a335p
942 _cREF
_h370.1, ADA
999 _c1369851
_d1369851